| Tag |
First Indicator |
Second Indicator |
Subfields |
| LEADER |
00000cam a2200000 a 4500 |
| 001 |
in00001231621 |
| 005 |
20151003073633.0 |
| 008 |
941109s1995 ne a b 100 0 eng |
| 010 |
|
|
|a 94042676
|
| 015 |
|
|
|a GB95-20057
|
| 019 |
|
|
|a 32132639
|
| 020 |
|
|
|a 0444819991 (acid-free paper)
|
| 035 |
|
|
|a (OCoLC)31607395
|
| 035 |
|
|
|9 AGT8984AM
|
| 040 |
|
|
|a DLC
|c DLC
|d UKM
|d TXA
|d UtOrBLW
|
| 049 |
|
|
|a TXAM
|
| 050 |
0 |
0 |
|a QA911
|b .P35 1993
|
| 082 |
0 |
0 |
|a 532/.05/0285435
|2 20
|
| 111 |
2 |
|
|a Parallel CFD Conference
|d (1993 :
|c Paris, France)
|
| 245 |
1 |
0 |
|a Parallel computational fluid dynamics :
|b new trends and advances : proceedings of the Parallel CFD '93 Conference Paris, France (May 10-12, 1993) /
|c edited by A. Ecer [and others].
|
| 264 |
|
1 |
|a Amsterdam ;
|a New York :
|b Elsevier,
|c 1995.
|
| 300 |
|
|
|a xiii, 560 pages :
|b illustrations (some color) ;
|c 25 cm.
|
| 336 |
|
|
|a text
|b txt
|2 rdacontent
|
| 337 |
|
|
|a unmediated
|b n
|2 rdamedia
|
| 338 |
|
|
|a volume
|b nc
|2 rdacarrier
|
| 504 |
|
|
|a Includes bibliographical references.
|
| 650 |
|
0 |
|a Fluid dynamics
|x Data processing
|v Congresses.
|
| 650 |
|
0 |
|a Parallel processing (Electronic computers)
|v Congresses.
|
| 650 |
|
0 |
|a Supercomputers
|v Congresses.
|
| 700 |
1 |
|
|a Ecer, Akin.
|
| 999 |
|
|
|a MARS
|
| 999 |
f |
f |
|s d70a9a27-eef6-39bc-8708-15934a87aae9
|i c625074e-373e-37e6-a107-73faa0340428
|t 0
|
| 952 |
f |
f |
|p ric
|a Texas A&M University
|b Rellis Campus
|c Joint Library Facility
|d Remote Storage
|t 0
|e QA911 .P35 1993
|h Library of Congress classification
|i unmediated -- volume
|m A14819354950
|
| 998 |
f |
f |
|a QA911 .P35 1993
|t 0
|l Remote Storage
|